| 000 | 00768cam a22002651 4500 | ||
|---|---|---|---|
| 001 | 8432341 | ||
| 003 | OSt | ||
| 005 | 20180116183022.0 | ||
| 008 | 740201s1961 nyu 000 1 eng | ||
| 010 | _a 61010467 | ||
| 035 | _a(OCoLC)787402 | ||
| 040 |
_aDLC _cMNtSH _dOCoLC _dDLC |
||
| 042 | _apremarc | ||
| 050 | 0 | 0 |
_aPZ4.C746 _bTal _aPS3553.O487 |
| 082 | _a813.54 CON 1967 | ||
| 100 | 1 | _aCondon, Richard. | |
| 245 | 1 | 2 |
_aA Talent for Loving; _bor, The great cowboy race, _ca novel by Richard Condon. |
| 250 | _a[First edition] | ||
| 260 |
_aNew York, _bMcGraw-Hill _c[1961] |
||
| 300 |
_ax, 267 p. _c22 cm. |
||
| 440 | _aA Talent for Loving; | ||
| 740 | 0 | _aThe great cowboy race. | |
| 906 |
_a7 _bcbc _coclcrpl _du _encip _f19 _gy-gencatlg |
||
| 942 |
_2ddc _cBK |
||
| 999 |
_c350646 _d350646 |
||